| 000 | 01003nam a22001577a 4500 | ||
|---|---|---|---|
| 008 | 110620t xxu||||| |||| 00| 0 eng d | ||
| 010 | _aCACAF63 | ||
| 245 | _aCourt of Appeal Civil Appeal No. 55 OF 2003 M/S Rabo Enterprises (U) Ltd and another Vs Commissioner, Uganda Revenue Authority | ||
| 260 | _c2003 | ||
| 500 | _aCoram: Hon. Mr. Justice G.M. Okello, JA Hon. Mr. Justice A. Twinomujuni, JA Hon. Lady Justice C.N.B. Kitumba, JA | ||
| 500 | _aAppeal from the decision of the High Court Okumu-Wengi, J dated 5/7/2002 in High Court Civil Suit (HCCS) No. 517 of 2003 | ||
| 999 |
_c3361 _d3361 |
||